| Tag |
First Indicator |
Second Indicator |
Subfields |
| LEADER |
00000cjm a2200000 a 4500 |
| 001 |
in00001406761 |
| 005 |
20160305063346.0 |
| 007 |
sd fsngnn|||ee |
| 008 |
911002p19911934xx mun i N/A d |
| 019 |
|
|
|a 29064542
|
| 028 |
0 |
2 |
|a SM2K 46297
|b Sony Classical
|
| 033 |
2 |
0 |
|a 1934----
|a 1965----
|
| 035 |
|
|
|a (OCoLC)24487185
|
| 035 |
|
|
|9 AHQ3717AM
|
| 040 |
|
|
|a UUP
|c UUP
|d VRU
|d CNO
|d IUL
|d CPL
|d TXA
|d UtOrBLW
|
| 041 |
0 |
|
|g eng
|g fre
|g ger
|
| 047 |
|
|
|a pr
|a jz
|a co
|a rg
|a df
|a su
|a sn
|
| 049 |
|
|
|a TXAM
|
| 090 |
|
|
|a M178.S932
|b C48 1991
|
| 100 |
1 |
|
|a Stravinsky, Igor,
|d 1882-1971.
|
| 240 |
1 |
0 |
|a Instrumental music.
|k Selections
|
| 245 |
1 |
0 |
|a Chamber music & historical recordings /
|c Igor Stravinsky.
|
| 246 |
3 |
|
|a Chamber music and historical recordings
|
| 264 |
|
1 |
|a [Place of publication not identified] :
|b Sony Classical,
|c [1991]
|
| 264 |
|
4 |
|c ℗1991
|
| 300 |
|
|
|a 2 sound discs :
|b digital, stereo., mono. ;
|c 4 3/4 in.
|
| 306 |
|
|
|a 000126
|a 000620
|a 001500
|a 000436
|a 000403
|a 001200
|a 000249
|a 001000
|a 000910
|a 001600
|a 001200
|a 002000
|a 000307
|a 001000
|a 001100
|
| 336 |
|
|
|a performed music
|b prm
|2 rdacontent
|
| 337 |
|
|
|a audio
|b s
|2 rdamedia
|
| 338 |
|
|
|a audio disc
|b sd
|2 rdacarrier
|
| 490 |
1 |
|
|a Igor Stravinsky edition ;
|v v. 7
|
| 500 |
|
|
|a Compact discs.
|
| 511 |
0 |
|
|a Benny Goodman, clarinet (8th work) ; various soloists ; Columbia Jazz Ensemble (1st, 5th, 8th works) ; Columbia Chamber Ensemble (2nd-4th, 6th-7th works) ; Symphonieorchester des Nordwestdeutschen Rundfunks (9th work) ; the composer conducting.
|
| 518 |
|
|
|a Recorded 1934-1965 in various places; previously released.
|
| 500 |
|
|
|a Program notes by Igor Stravinsky, Phillip Ramey, and Charles Rosen, in English, German, and French (28 pages : ill.) inserted in container.
|
| 505 |
0 |
|
|a Preludium for jazz ensemble (1:26) -- Concertino for 12 instruments (6:20) -- Octet for wind instruments (15:00) -- Ragtime : for 11 instruments (Toni Koves, cimbalom) (4:36) -- Tango (new orchestration, 1953) (4:03) -- Septet (12:00) -- Pastorale (Israel Baker, solo violin) (2:49) -- Ebony concerto : for clarinet solo and big band (10:00) -- Symphonies of wind instruments (rev. version, 1947) (9:10) -- Duo concertant : for violin and piano (Joseph Szigeti, violin ; Igor Stravinsky, piano) (16:00) -- Serenade in A (I. Stravinsky, piano) (12:00) -- Concerto for 2 solo pianos (I. Stravinsky, Soulima Stravinsky, pianos) (20:00) -- Piano-rag music (I. Stravinsky, piano) (3:07) -- Sonata for 2 pianos (Arthur Gold, Robert Fizdale, pianos) (10:00) -- Sonata for piano (Charles Rosen, piano) (11:00).
|
| 500 |
|
|
|a Sound recording.
|
| 650 |
|
0 |
|a Jazz.
|
| 650 |
|
0 |
|a Chamber music.
|
| 650 |
|
0 |
|a Concertos (Clarinet with jazz ensemble)
|
| 650 |
|
0 |
|a Wind ensembles.
|
| 650 |
|
0 |
|a Violin and piano music.
|
| 650 |
|
0 |
|a Piano music.
|
| 650 |
|
0 |
|a Piano music (Pianos (2))
|
| 700 |
1 |
|
|a Goodman, Benny,
|d 1909-1986,
|e performer.
|
| 700 |
1 |
|
|a Stravinsky, Igor,
|d 1882-1971,
|e conductor,
|e instrumentalist.
|
| 700 |
1 |
2 |
|a Stravinsky, Igor,
|d 1882-1971.
|t Prelude,
|m jazz ensemble.
|
| 700 |
1 |
2 |
|a Stravinsky, Igor,
|d 1882-1971.
|t Concertino,
|m violins (2), viola, cello;
|o arranged.
|
| 700 |
1 |
2 |
|a Stravinsky, Igor,
|d 1882-1971.
|t Octet,
|m flute, clarinet, bassoons (2), trumpets (2), trombones (2)
|
| 700 |
1 |
2 |
|a Stravinsky, Igor,
|d 1882-1971.
|t Ragtime.
|
| 700 |
1 |
2 |
|a Stravinsky, Igor,
|d 1882-1971.
|t Tango,
|m piano;
|o arranged.
|
| 700 |
1 |
2 |
|a Stravinsky, Igor,
|d 1882-1971.
|t Septet,
|m piano, clarinet, horn, bassoon, violin, viola, cello.
|
| 700 |
1 |
2 |
|a Stravinsky, Igor,
|d 1882-1971.
|t Pastorale,
|m soprano, piano;
|o arranged.
|
| 700 |
1 |
2 |
|a Stravinsky, Igor,
|d 1882-1971.
|t Ebony concerto.
|
| 700 |
1 |
2 |
|a Stravinsky, Igor,
|d 1882-1971.
|t Symphonies d'instruments à vent.
|
| 700 |
1 |
2 |
|a Stravinsky, Igor,
|d 1882-1971.
|t Duo concertant.
|
| 700 |
1 |
2 |
|a Stravinsky, Igor,
|d 1882-1971.
|t Serenades,
|m piano,
|r A.
|
| 700 |
1 |
2 |
|a Stravinsky, Igor,
|d 1882-1971.
|t Concertos,
|m pianos (2)
|
| 700 |
1 |
2 |
|a Stravinsky, Igor,
|d 1882-1971.
|t Piano-rag-music.
|
| 700 |
1 |
2 |
|a Stravinsky, Igor,
|d 1882-1971.
|t Sonatas,
|m pianos (2)
|
| 700 |
1 |
2 |
|a Stravinsky, Igor,
|d 1882-1971.
|t Sonatas,
|m piano
|n (1924)
|
| 710 |
2 |
|
|a Columbia Jazz Ensemble,
|e performer.
|
| 710 |
2 |
|
|a Columbia Chamber Ensemble,
|e performer.
|
| 710 |
2 |
|
|a Sender Hamburg.
|b Sinfonie-Orchester,
|e performer.
|
| 800 |
1 |
|
|a Stravinsky, Igor,
|d 1882-1971.
|t Selections (Sony Classical) ;
|v v. 7.
|
| 948 |
|
|
|a c:jlg
|
| 999 |
|
|
|a MARS
|
| 999 |
f |
f |
|s 95aface1-5035-348d-834d-c8c0f4b9f708
|i c4008e7f-f217-3515-a039-3e7f171291c8
|t 0
|
| 952 |
f |
f |
|p ric
|a Texas A&M University
|b Rellis Campus
|c Joint Library Facility
|d Remote Storage
|t 0
|e M178.S932 C48 1991
|h Library of Congress classification
|i audio -- audio disc
|k disc.1-2
|m A14823304705
|
| 998 |
f |
f |
|a M178.S932 C48 1991
|s disc.1-disc.2
|t 0
|l Remote Storage
|